Personnage des aventures de Tintin : Séraphin Lampion - Statistiques

Statistiques générales
  • Ce quiz a été pris 88 fois
  • Le résultat moyen est 15 sur 20
Statistiques - réponses
Questions Réponses % Correct
Profession de Séraphin Lampion. Courtier en assurances
97%
Personnages binômes récurrents des aventures de Tintin qui participe à cette épreuve. Dupont
92%
Continent sur lequel il est traditionnel de décorer et d'éclairer son logement ou les espaces publics avec des lampions. L'Asie
92%
Personnages binômes récurrents des aventures de Tintin qui participe à cette épreuve. Dupond
91%
Fromage de brebis à pâte persillée du Rouergue bénéficiant d'une appellation d'origine contrôlée (AOC) et d'une appellation d'origine protégée (AOP) que Lampion cite dans l'une de ses expressions favorites : "C'est plus fort que du ________". Roquefort
88%
Moyen de locomotion aérien dans lequel se trouvaient Tintin et Haddock lorsque ce dernier était fâcheusement en contact radio avec Lampion dans "L'Affaire Tournesol". Un hélicoptère
88%
Dans l'iconographie chrétienne du Moyen Âge, les séraphins étaient représentés comme des ____ dotés d'ailes rouges, contrairement aux chérubins dotés de quatre ailes bleues. Anges
85%
Accessoires que porte Séraphin Lampion pour maintenir son pantalon. Hergé parlait d'une "double sécurité", il porte les deux éléments à la fois. C'est typique du Bruxellois "belgicain" de son époque. Des bretelles
82%
Album dans lequel Séraphin Lampion apparaît pour la première fois. L'Affaire Tournesol
80%
Accessoires que porte Séraphin Lampion pour maintenir son pantalon. Hergé parlait d'une "double sécurité", il porte les deux éléments à la fois. C'est typique du Bruxellois "belgicain" de son époque. Une ceinture
78%
Album antérieur au précédent dans lequel on retrouve un personnage secondaire assistant à un spectacle de music hall, prénommé Séraphin mais qui n'est pas Séraphin Lampion. Les adaptateurs du dessin animé de 1991 ont, en revanche, assimilé ce personnage à Lampion. Les Sept Boules de cristal
77%
Site sur lequel se déroule la dernière étape de cette épreuve sportive. Moulinsart
74%
Épreuve sportive qu'organisa Séraphin Lampion dans "Coke en stock". Un rallye automobile
71%
Prénom de l'oncle de Séraphin Lampion. Prénom porté par un célèbre romancier, auteur de "Les dieux ont soif". Anatole
68%
Accessoire en tissu rouge que porte Séraphin Lampion autour du cou. Un nœud papillon
66%
Personnages de carnaval imaginés par Séraphin Lampion pour participer au Carnaval de Tapiocapolis Les Joyeux Turlurons
55%
Complétez cette réplique de Séraphin Lampion dans "Vol 714 pour Sydney" : "Racontez ça à un cheval de bois, il va se mettre à ___". Ruer
48%
Noms dont Bianca Castafiore affuble Séraphin Lampion. Lampiste
43%
Noms dont Bianca Castafiore affuble Séraphin Lampion. Lanterne
43%
Noms dont Bianca Castafiore affuble Séraphin Lampion. Lampadaire
37%
Aucun quiz correspondant
Distribution des résultats
% des personnes avec chaque résultat
Percentile par nombre de réponses
Votre historique - résultats
Vous n’avez pas pris ce quiz